| 000 | 00536nam a22001817a 4500 | ||
|---|---|---|---|
| 999 |
_c5924 _d5924 |
||
| 003 | AR-CdUCM | ||
| 008 | 190313b ||||| |||| 00| 0 spa d | ||
| 040 |
_aMUNICIPALIDAD PROVINCIAL DEL CUSCO _cBIBLIOTECA MUNICIPAL DEL CUSCO |
||
| 082 |
_a869.56 / _bP26 |
||
| 100 |
_aParada Manrique, José _914984 |
||
| 245 | _aGuijarro elemental / | ||
| 260 |
_aJuliaca : _bEdiciones Sol y Piedra, _c1964. |
||
| 300 |
_a118 páginas ; _c17 cm. |
||
| 650 |
_aPoesías peruanas _91481 |
||
| 650 |
_aSiglo XX _98 |
||
| 942 |
_2ddc _cLIBROS |
||
| 945 | _azta | ||